000 00498nam a2200145Ia 4500
003 OSt
005 20260124085036.0
008 211028s2017 xx 000 0 und d
040 _cAIMIT LIBRARY
041 _aeng
100 _aD Souza, Blanny Bijoy; Dias, Beena.
_g1516024
_97601
245 _aProject report on impact of labour efficiency in achieving organizational goal - study with reference to correa construction Mangalore /
260 _aMangalore
_bDr Beena Dias.
_c2017
942 _2ddc
_cPRO
999 _c219169
_d219169